| 000 | 00682nam a2200229 i 4500 | ||
|---|---|---|---|
| 001 | 139631 | ||
| 003 | ES-MaACL | ||
| 005 | 20250824230752.0 | ||
| 007 | t| | ||
| 008 | 070214s1969 sp r ||||1| spa d | ||
| 080 | _a396:22 | ||
| 100 | 1 |
_aScherer, Alice. _9104308 |
|
| 245 | 1 | 4 |
_aLas mujeres de la Biblia / _cAlice Scherer ; [versión por Dolores Sánchez Aleu]. |
| 260 |
_aMadrid : _bRialp, _c1969. |
||
| 300 |
_a145 p. ; _c19 cm. |
||
| 490 | 1 |
_aPatmos ; _v130 |
|
| 650 | 7 |
_aMujeres en la Biblia _2embne _915334 |
|
| 700 | 1 |
_aSánchez Aleu, Dolores. _9174488 |
|
| 830 | 1 | 0 |
_aPatmos (Rialp) _v130 _9181154 |
| 852 | 4 |
_aES-MaACL _jC-50906 |
|
| 999 |
_c139631 _d139631 |
||